01226nam a2200301 a 4500001001200000003000800012006001900020007001500039008004100054020001800095020002700113040002100140035002100161043001200182050002200194082001500216100002500231245012900256260004500385300004700430504005100477533015200528650003100680651004100711655002900752710001700781856012600798ebr10695823CaPaEBRm u cr cn|||||||||130513s2013 enkafc sb 001 0 eng d z9781780764009 z9780857722041 (e-book) aCaPaEBRcCaPaEBR a(OCoLC)846979158 ae-gx---14aDD61b.C38 2013eb04a943.072231 aCavaliero, Roderick.10aGenius, power and magich[electronic resource] :ba cultural history of Germany from Goethe to Wagner /cRoderick Cavaliero. aLondon ;aNew York :bI.B.Tauris,c2013. avi, 378 p., 8 p. of plates :bill., ports. aIncludes bibliographical references and index. aElectronic reproduction.bPalo Alto, Calif. :cebrary,d2013.nAvailable via World Wide Web.nAccess may be limited to ebrary affiliated libraries. 0aCulturexHistoryzGermany. 0aGermanyxIntellectual lifexHistory. 7aElectronic books.2local2 aebrary, Inc.40uhttp://site.ebrary.com/lib/rucke/Doc?id=10695823zAn electronic book accessible through the World Wide Web; click to view